| 000 | 00747nam a22001577a 4500 | ||
|---|---|---|---|
| 003 | OSt | ||
| 005 | 20150927162054.0 | ||
| 008 | 150927b xxu||||| |||| 00| 0 eng d | ||
| 040 | _cRUA | ||
| 082 | _aATM.Sp CHA 2003 B058 Or.1 | ||
| 100 |
_91447 _aCHAN, SYNAT. |
||
| 245 | _aCompairing fertilizer effected on bitter gourd in wet season 2002 at national school of agriculture preak leap, ការពិសោធន៍ប្រៀបធៀបឥទ្ធិពលជីលើដំណាំម្រះក្នុងលក្ខខ័ណ្ធរដូវរំហើយឆ្នាំ២០០២ ណនៅសាលាជាតិព្រែកលៀប | ||
| 260 |
_aPhnmo Penh _bRUA _c2003 |
||
| 300 |
_a40p. _bill. _c29cm. |
||
| 942 |
_2ddc _cATMSP |
||
| 999 |
_c1359 _d1359 |
||